Kadra Portugalii na mundial 2022 - Statystyki

Ogólne statystyki
  • Ten quiz został rozwiązany 162 razy
    131 od ostatniego zresetowania
  • Średni wynik to 16 z 26
Statystyki odpowiedzi
Pozycja Zawodnik % Poprawnych
Napastnik Cristiano Ronaldo
99%
Obrońca Pepe
91%
Pomocnik Bruno Fernandes
88%
Bramkarz Rui Patricio
86%
Pomocnik Bernardo Silva
85%
Napastnik Andre Silva
81%
Obrońca Antonio Silva
80%
Napastnik Goncalo Ramos
78%
Napastnik Joao Felix
78%
Obrońca Ruben Dias
78%
Obrońca Joao Cancelo
76%
Napastnik Rafael Leao
75%
Bramkarz Diogo Costa
73%
Bramkarz Jose Sa
60%
Obrońca Raphael Guerreiro
57%
Pomocnik Ruben Neves
57%
Obrońca Danilo Pereira
55%
Obrońca Nuno Mendes
53%
Pomocnik William Carvalho
45%
Obrońca Diogo Dalot
43%
Pomocnik Vitinha
41%
Pomocnik Otavio
28%
Pomocnik Joao Mario
26%
Pomocnik Joao Palhinha
26%
Pomocnik Matheus Nunes
26%
Napastnik Ricardo Horta
19%
Nie znaleziono quizów pasujących do podanych kryteriów
Rozkład punktacji
Procent ludzi z każdym wynikiem
Percentyl według liczby udzielonych odpowiedzi
Twoja historia wyników
Nie rozwiązałeś tego quizu od ostatniego zresetowania